[Event "Alcorcon Spring op-A 1st"]
[Site "Alcorcon"]
[Date "2019.05.26"]
[Round "9"]
[White "Nieto Perez, Juan V"]
[Black "Gonzalez Lopez, Sergio"]
[Result "1-0"]
[WhiteElo "1909"]
[BlackElo "1762"]
[PlyCount "85"]
[EventDate "2019.03.24"]
[EventType "swiss"]
[EventRounds "9"]
[EventCountry "ESP"]
[SourceTitle "EXT 2020"]
[Source "ChessBase"]
[SourceDate "2019.10.17"]
[SourceVersion "1"]
[SourceVersionDate "2019.10.17"]
[SourceQuality "1"]

1. Nf3 d5 2. d4 e6 3. e3 Bd6 4. Bd3 Nf6 5. Nbd2 Nbd7 6. 0-0 0-0 7. e4 dxe4 8. Nxe4 Nxe4 9. Bxe4 c5 10. Re1 h6 11. c3 Nf6 12. Bc2 b6 13. Be3 Qc7 14. h3 Bb7 15. Qe2 Nd5 16. Qd3 Nf6 17. Qe2 Bf4 18. Rad1 Rad8 19. dxc5 Bxe3 20. Qxe3 bxc5 21. Ne5 Nd5 22. Qe4 Nf6 23. Qe3 Nd7 24. Nc4 Bd5 25. Nd2 Qb7 26. b3 Bxg2 27. Be4 Bxe4 28. Nxe4 Qc7 29. c4 f5 30. Nd6 Rf6 31. Kh1 Qc6+ 32. Kh2 e5 33. Nb5 a6 34. Nc3 Rg6 35. Rg1 Rxg1 36. Kxg1 Qe6 37. Rd5 f4 38. Qd3 Kf7 39. Rd6 Qe7 40. Qd5+ Kf8 41. Ne4 Qf7 42. Nxc5 Qxd5 43. Rxd5 1-0

[Event "Alcorcon Spring op-A 1st"]
[Site "Alcorcon"]
[Date "2019.04.07"]
[Round "3"]
[White "Barahona Torrijos, Angel"]
[Black "Nieto Perez, Juan V"]
[Result "1-0"]
[WhiteElo "1821"]
[BlackElo "1909"]
[PlyCount "51"]
[EventDate "2019.03.24"]
[EventType "swiss"]
[EventRounds "9"]
[EventCountry "ESP"]
[SourceTitle "EXT 2020"]
[Source "ChessBase"]
[SourceDate "2019.10.17"]
[SourceVersion "1"]
[SourceVersionDate "2019.10.17"]
[SourceQuality "1"]

1. e4 d6 2. d4 Nf6 3. Nc3 g6 4. Bg5 Bg7 5. f4 0-0 6. Nf3 c5 7. dxc5 Qa5 8. Qd2 Qxc5 9. 0-0-0 Re8 10. e5 dxe5 11. Nxe5 h6 12. Bc4 e6 13. Bxf6 Bxf6 14. Ne4 Qe7 15. Bb5 Rf8 16. Nxf6+ Qxf6 17. g3 b6 18. Qg2 Ba6 19. a4 Qe7 20. Qxa8 Bb7 21. Qxa7 Rc8 22. Qxb6 Bxh1 23. Rxh1 Qb4 24. Rd1 Kg7 25. Qd4 Qb3 26. Nc4+ 1-0

[Event "Madrid-chT 1718"]
[Site "Madrid"]
[Date "2018.01.28"]
[Round "7.16"]
[White "Nieto Perez, Juan V"]
[Black "Vazquez Gonzalez, Jesus"]
[Result "1/2-1/2"]
[WhiteElo "1909"]
[BlackElo "1991"]
[PlyCount "32"]
[EventDate "2017.11.19"]
[EventType "team-tourn"]
[EventRounds "14"]
[EventCountry "ESP"]
[SourceTitle "EXT 2019"]
[Source "ChessBase"]
[SourceDate "2018.10.10"]
[SourceVersion "1"]
[SourceVersionDate "2018.10.10"]
[SourceQuality "1"]
[WhiteTeam "Alcorcon"]
[BlackTeam "Villaverde"]
[WhiteTeamCountry "ESP"]
[BlackTeamCountry "ESP"]

1. Nf3 Nf6 2. d4 d5 3. e3 e6 4. Bd3 Bd6 5. Nbd2 0-0 6. 0-0 Nbd7 7. Re1 c6 8. e4 dxe4 9. Nxe4 Nxe4 10. Rxe4 Be7 11. c3 b6 12. Bf4 Bb7 13. Re1 c5 14. Be4 Bxe4 15. Rxe4 Nf6 16. Re2 cxd4 1/2-1/2